| 000 | 00912cab a2200277 4500 | ||
|---|---|---|---|
| 001 | WB2931-47 | ||
| 008 | 090401t1993 xxu||||| |||| 00| 0 eng d | ||
| 035 | _a(Sirsi) u5840 | ||
| 041 | _aeng | ||
| 245 | _aRelief from forfeiture | ||
| 260 | _c1993 | ||
| 350 | _a0 | ||
| 490 |
_aEstates Gazette Case Summaries _v1993 EGCS 150(1) (14/8/93) |
||
| 520 | _aIn "Billson and others v Residential Apartments Ltd" ChD 30 July 1993 the application for relief against forfeiture was refused in the light of new evidence. (See also ABS45744). | ||
| 650 | _aBILLSON AND OTHERS V RESIDENTIAL APARTMENTS LTD | ||
| 650 | _aBREACH OF COVENANT | ||
| 650 | _aFORFEITURE | ||
| 650 | _aLAW OF PROPERTY ACT 1925 S146 | ||
| 650 | _aLEASES | ||
| 650 | _aPEACEABLE RE-ENTRY | ||
| 650 | _aPOSSESSION | ||
| 650 | _aRELIEF FROM FORFEITURE | ||
| 690 | _aLANDLORD AND TENANT-CASE LAW | ||
| 942 | _n0 | ||
| 948 | _c04/03/1997 | ||
| 999 |
_c3490 _d3490 |
||